L'Idéal américain / (Record no. 132660)

MARC details
000 -LEADER
campo de control de longitud fija 00633nam a2200205 4500
001 - NÚMERO DE CONTROL
campo de control 132660
003 - IDENTIFICADOR DE NÚMERO DE CONTROL
campo de control ES-MaACL
005 - FECHA Y HORA DE LA ÚLTIMA TRANSACCIÓN
campo de control 20230906194224.0
007 - CAMPO FIJO DE DESCRIPCIÓN FÍSICA--INFORMACIÓN GENERAL
campo de control de longitud fija t|
008 - DATOS DE LONGITUD FIJA--INFORMACIÓN GENERAL
campo de control de longitud fija 070214s1907 fr r ||||1| fre d
100 1# - ENTRADA PRINCIPAL--NOMBRE DE PERSONA
Nombre de persona Roosevelt, Theodore.
9 (RLIN) 99531
245 12 - MENCIÓN DEL TÍTULO
Título L'Idéal américain /
Mención de responsabilidad, etc. Theodore Roosevelt ; traduit par A. et E. de Rousiers ; préface par Paul de Rousiers.
250 ## - MENCION DE EDICION
Mención de edición 4e éd.
260 ## - PUBLICACIÓN, DISTRIBUCIÓN, ETC.
Lugar de publicación, distribución, etc. Paris :
Nombre del editor, distribuidor, etc. Lahure,
Fecha de publicación, distribución, etc. 1907.
300 ## - DESCRIPCIÓN FÍSICA
Extensión XX, 250 p. ;
Dimensiones 19 x 12 cm.
700 1# - ENTRADA AGREGADA--NOMBRE PERSONAL
Nombre de persona Rousiers, A. de.
9 (RLIN) 100049
700 1# - ENTRADA AGREGADA--NOMBRE PERSONAL
Nombre de persona Rousiers, E. de.
9 (RLIN) 100050
700 1# - ENTRADA AGREGADA--NOMBRE PERSONAL
Nombre de persona Rousiers, Paul de.
9 (RLIN) 100051
852 ## - LOCALIZACIÓN
Ubicación ES-MaACL
Número de control de estantería F-11370
Holdings
Estatus retirado Estado de pérdida Estado de daño No para préstamo Biblioteca de origen Biblioteca actual Ubicación en estantería Fecha de adquisición Fuente de adquisición Total de préstamos Signatura topográfica completa Código de barras Visto por última vez Precio de reemplazo Tipo de ítem Koha
        Biblioteca del Ateneo de Madrid Biblioteca del Ateneo de Madrid Sala Pecera Planta 2 17/01/2008     F-11370 1138111 23/02/2023 23/02/2023 Libro impreso